|
|
|
|
| LEADER |
00000nab#a22000007a#4500 |
| 001 |
arbauad038228 |
| 003 |
AR-BaUAD |
| 005 |
20250711113009.0 |
| 008 |
990714|||||||||###||||||b###|0###a|spa|| |
| 040 |
|
|
|a AR-BaUAD
|c AR-BaUAD
|b spa
|
| 100 |
|
|
|a Hermann, Judy
|
| 245 |
|
|
|a Smile, you're on digital camera /
|c Judy Hermann;
|
| 300 |
0 |
|
|b p. : fot., il.
|
| 653 |
|
|
|a FOTOGRAFIA DIGITAL
|
| 653 |
|
|
|a FOTOGRAFIA
|
| 653 |
|
|
|a CAMARAS DIGITALES
|
| 653 |
|
|
|a PROCESOS TECNICOS
|
| 653 |
|
|
|a IMAGENES DIGITALES
|
| 773 |
0 |
|
|t HOW
|g [jul.-ago. 1999]
|
| 942 |
|
|
|c ARTI
|
| 952 |
|
|
|0 0
|1 0
|4 0
|7 0
|9 83147
|a AR-BAuAD
|b AR-BAuAD
|d 2025-07-11
|l 0
|p AAQA038228
|r 2025-07-11 11:30:09
|w 2025-07-11
|y ARTI
|
| 990 |
|
|
|a DG199
|b TD
|
| 998 |
|
|
|a AAQ
|b BIBUN76
|
| 999 |
|
|
|c 62820
|d 62820
|